000 00535nam a2200217Ia 4500
003 OSt
005 20221005131517.0
006 a|||||r|||| 00| 0
007 ta
008 221004b |||||||| |||| 00| 0 eng d
024 _a45220
037 _cTextual
040 _aCRL
_cCRL
_beng
041 _2eng
_aeng
082 _aP8:10S2, 111K5
245 0 _aSpeech of Australian adolescents
_b A survey
260 _c1965
650 _aLINGUISTICS
942 _hP8:10S2, 111K5
_cTEXL
_2cc
999 _c1060568
_d1060568